| 000 | 01237nam a22002777a 4500 | ||
|---|---|---|---|
| 005 | 20110426154449.0 | ||
| 008 | 090408t xxu||||| |||| 00| 0 hin d | ||
| 010 | _aHIN-96632 | ||
| 020 |
_a9788188380473 _c250.00 |
||
| 035 | _aHN-68978 | ||
| 037 | _bDBAD / PUB | ||
| 040 |
_aDPL _bHN |
||
| 082 | _a000 | ||
| 100 |
_927482 _aसंजय भोला 'धीर' |
||
| 245 |
_a1111 अनूठे तथ्यों का ज्ञान कोश / _cसंजय भोला 'धीर' |
||
| 260 |
_aदिल्ली _bमित्तल बुक _c2011 |
||
| 270 |
_a3072/2,प्रताप स्ट्रीट,गोल मार्किट दरिया गंज _bदिल्ली _e110002 |
||
| 300 |
_a176पृ _c22 सेमी (सजिल्द) |
||
| 650 | _91169 | ||
| 650 | _91170 | ||
| 700 | _927483 | ||
| 710 | _952094 | ||
| 942 |
_adpl _cHN _2ddc _mसंजय _h000 |
||
| 999 |
_c69801 _d69801 |
||